Turnos y horarios de trabajo: manual de conceptos fundamentales y recomendaciones básicas
محفوظ في:
| المؤلف الرئيسي: | |
|---|---|
| التنسيق: | كتاب |
| اللغة: | الإسبانية |
| منشور في: |
Santiago
Asociación Chilena de Seguridad
1999
|
| الموضوعات: | |
| الوسوم: |
إضافة وسم
لا توجد وسوم, كن أول من يضع وسما على هذه التسجيلة!
|
MARC
| LEADER | 00000nam a2200000 a 4500 | ||
|---|---|---|---|
| 001 | UCP5693 | ||
| 003 | CL-VaPUC | ||
| 008 | 990927e19990000CL |||||||||||||||||spa|d | ||
| 082 | 0 | 4 | |a 331.257 |b COR |2 21 |
| 100 | 0 | |a Córdova P. , Víctor M |e author |9 471172 | |
| 245 | 1 | 0 | |a Turnos y horarios de trabajo: manual de conceptos fundamentales y recomendaciones básicas |
| 300 | |a 50 p | ||
| 942 | |c BK | ||
| 945 | |d 19990927 00:00:00 |a rbrito | ||
| 260 | |a Santiago |b Asociación Chilena de Seguridad |c 1999 | ||
| 650 | 0 | |a Trabajo |9 313876 | |
| 650 | 0 | |a Trabajadores |9 260887 | |
| 650 | 7 | |a HORARIO DE TRABAJO |2 CL-VaPUC |9 471173 | |
| 650 | 7 | |a TURNOS LABORALES |2 CL-VaPUC |9 471174 | |
| 650 | 0 | |a Seguridad laboral |9 462968 | |
| 650 | 0 | |a Salud |9 258663 | |
| 583 | |a last modification |c 19990927 00:00:00 |k Rodrigo Vera | ||
| 999 | |c 301254 |d 301252 | ||
| 952 | |0 0 |1 0 |4 0 |6 331_257000000000000_COR_1999 |7 0 |8 A |9 360037 |a BIBING |b BIBING |d 2019-11-21 |i 3544885 |o 331.257 COR 1999 |p 3544885 |r 2025-01-20 |w 2019-11-21 |y BK |k ING | ||